Normal view
MARC view
- Pekar, Miloslav
Entry Personal Name
001 - CONTROL NUMBER
- control field: 115137
003 - CONTROL NUMBER IDENTIFIER
- control field: NUST
005 - DATE AND TIME OF LATEST TRANSACTION
- control field: 20230912165209.0
008 - FIXED-LENGTH DATA ELEMENTS
- fixed length control field: 230912|| aca||aabn | a|a d
040 ## - CATALOGING SOURCE
- Original cataloging agency: NUST
- Transcribing agency: NUST
100 ## - HEADING--PERSONAL NAME
- Personal name: Pekar, Miloslav
670 ## - SOURCE DATA FOUND
- Source citation: Work cat.: (NUST): Pekar, Miloslav, The thermodynamics of linear fluids and fluid mixtures/
